MARC details
| 000 -LEADER |
| fixed length control field |
01261cam a2200349 i 4500 |
| 001 - CONTROL NUMBER |
| control field |
200429459 |
| 003 - CONTROL NUMBER IDENTIFIER |
| control field |
TR-AnTOB |
| 005 - DATE AND TIME OF LATEST TRANSACTION |
| control field |
20230712001145.0 |
| 007 - PHYSICAL DESCRIPTION FIXED FIELD--GENERAL INFORMATION |
| fixed length control field |
ta |
| 008 - FIXED-LENGTH DATA ELEMENTS--GENERAL INFORMATION |
| fixed length control field |
860903s1984 tu 000 0 tur d |
| 040 ## - CATALOGING SOURCE |
| Original cataloging agency |
WAU |
| Language of cataloging |
eng |
| Description conventions |
rda |
| Transcribing agency |
WAU |
| Modifying agency |
BGZ |
| -- |
TR-AnTOB |
| 041 0# - LANGUAGE CODE |
| Language code of text/sound track or separate title |
Türkçe |
| 050 0# - LIBRARY OF CONGRESS CALL NUMBER |
| Classification number |
DR590.K4 |
| 090 ## - LOCALLY ASSIGNED LC-TYPE CALL NUMBER (OCLC); LOCAL CALL NUMBER (RLIN) |
| Classification number (OCLC) (R) ; Classification number, CALL (RLIN) (NR) |
DR590.K4 |
| Local cutter number (OCLC) ; Book number/undivided call number, CALL (RLIN) |
C864 1984 |
| 245 10 - TITLE STATEMENT |
| Title |
Cumhurbaşkanı Gazi M. Kemal Paşa'nın sonbahar gezileri / |
| Statement of responsibility, etc. |
günümüz diline ve yeni harflere çeviren Nuri Onat. |
| 246 ## - VARYING FORM OF TITLE |
| Title proper/short title |
Cumhurbaşkanı Gazi Mustafa Kemal Paşa'nın sonbahar gezileri |
|
| Title proper/short title |
Gazi Mustafa Kemal |
|
| Title proper/short title |
Gazi Mustafa Kemal Paşa |
| 264 #1 - PRODUCTION, PUBLICATION, DISTRIBUTION, MANUFACTURE, AND COPYRIGHT NOTICE |
| Place of production, publication, distribution, manufacture |
İstanbul : |
| Name of producer, publisher, distributor, manufacturer |
Çağdaş Yayınları, |
| Date of production, publication, distribution, manufacture, or copyright notice |
1984. |
| 300 ## - PHYSICAL DESCRIPTION |
| Extent |
158 pages ; |
| Dimensions |
20 cm |
| 336 ## - CONTENT TYPE |
| Content type term |
text |
| Source |
rdacontent |
| Content type code |
txt |
| 337 ## - MEDIA TYPE |
| Media type term |
unmediated |
| Source |
rdamedia |
| Media type code |
n |
| 338 ## - CARRIER TYPE |
| Carrier type term |
volume |
| Source |
rdacarrier |
| Carrier type code |
nc |
| 490 0# - SERIES STATEMENT |
| Series statement |
Çağdaş Yayınları. |
| -- |
Tarih, Anı, Gezi, Olay Dizisi ; |
| Volume/sequential designation |
36 |
| 590 ## - LOCAL NOTE (RLIN) |
| Local note |
Donated by Levent Kuşoğlu |
| 600 10 - SUBJECT ADDED ENTRY--PERSONAL NAME |
| Personal name |
Atatürk, Mustafa Kemal |
| Dates associated with a name |
1881-1938 |
| 9 (RLIN) |
20781 |
| 651 #0 - SUBJECT ADDED ENTRY--GEOGRAPHIC NAME |
| Geographic name |
Turkey |
| General subdivision |
Politics and government |
| Chronological subdivision |
1918-1960 |
| 9 (RLIN) |
99522 |
|
| Geographic name |
Türkiye |
| General subdivision |
Siyaset ve yönetim |
| Chronological subdivision |
1918-1960 |
| 9 (RLIN) |
86916 |
| 700 1# - ADDED ENTRY--PERSONAL NAME |
| Personal name |
Onat, Nuri |
| Relator term |
translator |
| 9 (RLIN) |
119711 |
| 942 ## - ADDED ENTRY ELEMENTS (KOHA) |
| Source of classification or shelving scheme |
Library of Congress Classification |
| Koha item type |
Book |